| 000 | 00693nam a2200241Ii 4500 | ||
|---|---|---|---|
| 003 | JO-AjNU | ||
| 008 | 230605s9999||||xx |||||||||||||| ||und|| | ||
| 017 | _a2012/45 | ||
| 020 | _a978-9959-808-18-9 | ||
| 040 |
_aJO-AjNU _bara _erda _cJO-AjNU |
||
| 041 | _aara | ||
| 050 | 1 | 4 | _aTK5105.8865.2012 |
| 100 | 3 |
_aابو العزم، ايهاب, _eauthor _944535 |
|
| 245 | 0 | 0 | _aسكايب= SKYPE |
| 250 | _aط1 | ||
| 264 | 3 | 1 | _aليبا: دار الحكمة، 2012 |
| 300 | _a94ص | ||
| 336 |
_atext _btxt _2rdacontent |
||
| 337 |
_aunmediated _bn _2rdamedia |
||
| 338 |
_avolume _bnc _2rdacarrier |
||
| 490 | 0 | _aسلسلة الى المدخل السريع | |
| 650 | 4 |
_aسكايب _944536 |
|
| 999 |
_aA19237 _c22805 _d22805 |
||